000 00580cam a2200205 4500500
005 20260329001423.0
041 _afre
042 _adc
100 1 0 _aGiannesini, Emmanuel
_eauthor
245 0 0 _aPour qui votent-ils ?
260 _c2007.
500 _a45
690 _aÉlections
690 _aLuc Ferry
690 _aOnfray
690 _aPolitique
690 _aSarkozy
786 0 _nPhilosophie magazine | 8 | 4 | 2007-04-01 | p. 14-15 | 1951-1787
856 4 1 _uhttps://shs.cairn.info/magazine-philosophie-magazine-2007-4-page-14?lang=fr&redirect-ssocas=7080
999 _c1805242
_d1805242